书目信息 |
| 题名: |
计算机维护与维修
|
|
| 作者: | 陈国先 主编 | |
| 分册: | ||
| 出版信息: | 北京 机械工业出版社 2001.06 |
|
| 页数: | 287页 | |
| 开本: | 24cm | |
| 丛书名: | 面向21世纪高职高专系列教材 | |
| 单 册: | ||
| 中图分类: | TP306.7-43 | |
| 科图分类: | ||
| 主题词: | 计算技术 , 电子计算机 | |
| 电子资源: | ||
| ISBN: | 7-111-08284-2 | |
| 000 | 00685nam0 2200229 45 | |
| 001 | 0212040970 | |
| 005 | 20021204094144.9 | |
| 010 | @a7-111-08284-2@d25.00元 | |
| 100 | @a20021204d2001 km y0chiy0120 ea | |
| 101 | 0 | @achi |
| 105 | @a z 000yy | |
| 200 | 1 | @a计算机维护与维修@AJi Suan Ji Wei Hu Yu Wei Xiu@f陈国先主编@FChen Guo Xian Zhu Bian |
| 210 | @a北京@c机械工业出版社@d2001.06 | |
| 215 | @a287页@d24cm | |
| 225 | @a面向21世纪高职高专系列教材 | |
| 410 | @12001 @a面向21世纪高职高专系列教材 | |
| 606 | 0 | @a计算技术 |
| 606 | 0 | @a电子计算机 |
| 690 | @aTP306.7-43@v3 | |
| 701 | 0 | @a陈国先@4主编 |
| 801 | @aCN@bPftUser@c20021204 | |
| 905 | @aBZT@b343405-407@dTP306.7-43@e1@f3 | |
| 计算机维护与维修/陈国先主编.-北京:机械工业出版社,2001.06 |
| 287页;24cm.-(面向21世纪高职高专系列教材) |
| ISBN 7-111-08284-2:25.00元 |
| ● |
| 相关链接 |
|
|
|
正题名:计算机维护与维修
索取号:TP306.7-43/1
 
预约/预借
| 序号 | 登录号 | 条形码 | 馆藏地/架位号 | 状态 | 备注 |
| 1 | 343405 | 201175263 | 中心书库中库/ 中库027架A面5列3层58/ [索取号:TP306.7-43/1] | 在馆 | |
| 2 | 343407 | 201175245 | 中心书库中库/ 中库027架A面5列3层59/ [索取号:TP306.7-43/1] | 在馆 |